गोलमेजः (Record no. 47640)

MARC details
000 -LEADER
fixed length control field 01010nam a22002417a 4500
005 - DATE AND TIME OF LATEST TRANSACTION
control field 20100924103433.0
008 - FIXED-LENGTH DATA ELEMENTS--GENERAL INFORMATION
fixed length control field 100924t xxu||||| |||| 00| 0 hin d
010 ## - LCCN (DPL NO)
LC control number HIN-90591
020 ## - INTERNATIONAL STANDARD BOOK NUMBER
International Standard Book Number 9789350000656
Terms of availability 350.00
035 ## - SYSTEM CONTROL NUMBER
System control number HN-62937
037 ## - SOURCE OF ACQUISITION
Source of stock number/acquisition DBAD / PUB
040 ## - CATALOGING SOURCE
Original cataloging agency DPL
Language of cataloging HN
082 ## - DEWEY DECIMAL CLASSIFICATION NUMBER
Classification number 824
100 ## - MAIN ENTRY--PERSONAL NAME
Personal name अरूण कमल
9 (RLIN) 21360
245 ## - TITLE STATEMENT
Title गोलमेजः
Statement of responsibility, etc अरूण कमल
Remainder of title आलोचनात्मक निबंध एवं टिप्पणियाँ /
260 ## - PUBLICATION, DISTRIBUTION, ETC. (IMPRINT)
Place of publication, distribution, etc नई दिल्ली
Name of publisher, distributor, etc वाणी प्रकाशन
Date of publication, distribution, etc 2009
270 ## - ADDRESS
Address 4695,21-ए, दरियागंज
City नई दिल्ली
Postal code 110002
300 ## - PHYSICAL DESCRIPTION
Extent 229पृ.
Dimensions 22सेमी (सजिल्द)
650 ## - SUBJECT ADDED ENTRY--TOPICAL TERM
9 (RLIN) 697
Topical term or geographic name as entry element हिन्दी निबंध
700 ## - ADDED ENTRY--PERSONAL NAME
9 (RLIN) 21361
942 ## - ADDED ENTRY ELEMENTS (KOHA)
Source of classification or shelving scheme Dewey Decimal Classification
Item type Hindi Books
Classification part 824
Call number suffix अरूण
Holdings
Withdrawn status Lost status Source of classification or shelving scheme Damaged status Not for loan Collection code Home library Current library Date acquired Source of acquisition Cost, normal purchase price Total Checkouts Full call number Barcode Date last seen Copy number Cost, replacement price Koha item type
    Dewey Decimal Classification   Not For Loan Non-fiction D.B.Act.Division D.B.Act.Division 24/09/2010 DBAD / PUB 350.00   824 अरूण HN-62937 24/09/2010 1 350.00 Hindi Books

© Delhi Public Library
Hit Counter
free hit counter